All BATMAN Crossovers! - Statistics

General Stats
  • This quiz has been taken 146 times
  • The average score is 6 of 49
Answer Stats
Answer % Correct
Superman
70%
Scooby Doo
49%
TMNT
43%
Spider-Man
41%
Pokemon
27%
Captain America
26%
The Joker
25%
Spawn
23%
The Incredible Hulk
23%
Predator
22%
Aliens
20%
Hellboy
20%
The Punisher
20%
Daredevil
16%
Harley Quinn
15%
The Lego Movie
15%
Judge Dredd
12%
Looney Tunes
12%
Archie Comics
10%
Green Hornet
10%
Mortal Kombat
10%
Starman
10%
Gotham
7%
The Darkness
7%
The Shadow
7%
The Spirit
7%
Maxx
6%
Men in Black
6%
Doc Savage
5%
Dylan Dog
5%
Static Shock
5%
The Addams Family
5%
The Mask
5%
7th Heaven
4%
A Man From U.N.C.L.E.
4%
Animaniacs
4%
Arena of Valor
4%
Captain Planet
4%
Detention
4%
Felony Squad
4%
Hogans Heroes
4%
House of Mystery
4%
Sesame Street
4%
Shinobi
4%
Space Ghost
4%
The Bill Dana Show
4%
The Freddy Funko Show
4%
Unikitty
4%
Monkees
2%
No matching quizzes found
Score Distribution
Percent of People with Each Score
Percentile by Number Answered
Your Score History
You have not taken this quiz